00585nam a2200181 i 450000100060000000300090000600500170001500700030003200800410003510000470007624500470012326000320017030000220020285200320022494200080025699900170026495201220028157917ES-MaACL20250704062528.0t|031020s1966 sp ||||1| spa d1 aDumas, Alexandre, d1802-1870eaut924113513aLa Condesa de Charnay / cAlejandro Dumas. aMadrid : bAlonso, c[1966] a446 p. ; c28 cm. aES-MaACLjC-30815 bR.61394 2udc c57917d57917 00104070aATENEOMbATENEOMcDEPO2d2008-01-17eSCl0oC-30815p1060787r2023-02-23 00:00:00w2023-02-23yMONOGRAFIA